000 00528nam a2200217Ia 4500
003 GCL
008 140319s9999 xx 000 0 eng d
040 _aGCL /
_cGCL
082 0 4 _a616.01
_bO M
100 1 _aSWAIN, R.H.A.
245 1 0 _aMACKIE AND MCCARTNEY MEDICAL MICROBIOLOGY. /
_cSWAIN, R.H.A.
700 1 _aDUGUID, J.P
700 1 _aMARMION, B.P
260 _a[S.N] :
_bELBS
300 _a666 P
650 0 4 _aBIOLOGY
650 0 4 _aVIROLOGY
650 0 4 _aMICROBIOLOGY
650 0 4 _aBECTERIOLOGY
942 _2ddc
_cBK
999 _c20479
_d20479